Flames of passion /

Gespeichert in:
Bibliographische Detailangaben
Weitere Verfasser: O'Connell, Raoul (Regie), Peck, Ron (Regie), Kwietniowski, Richard (Regie)
Format: Dia
Sprache:Englisch
Veröffentlicht: [Italia] : E.Mik, [19..?]
Tags: Tag hinzufügen
Keine Tags, Fügen Sie das erste Tag hinzu!

MARC

LEADER 00000ngm a22000007i 4500
001 IT\ICCU\UBO\3359543
003 ItRI
005 20260124182906.0
008 080123q19001999it |||||||||||||||k|||||c
028 4 2 |a EMKV04036P 
040 |b ita 
041 7 |a eng  |2 ISO-639-2 
245 0 0 |a Flames of passion /  |c regia di Richard Kwietniowski. A friend of Dorothy / regia di Raoul O'Connell. What can I do with a male nude? / regia di Ron Peck. 
260 |a [Italia] :  |b E.Mik,  |c [19..?] 
300 |a 1 videocassetta (VHS) (ca. 75 min.) :  |b color., son 
500 |a Tit. del contenitore 
500 |a Versione originale inglese sottotitolata in italiano 
500 |a Vietato ai minori di 14 anni. 
700 1 |a O'Connell, Raoul  |0 IT\ICCU\UBOV\219978  |4 drt 
700 1 |a Peck, Ron  |0 IT\ICCU\UBOV\219979  |4 drt 
700 1 |a Kwietniowski, Richard  |0 IT\ICCU\UBOV\480897  |4 drt 
777 1 |w IT\ICCU\LO1\0767453  |t Flames of passion <film ; 1989> 
777 1 |w IT\ICCU\UBO\3359569  |t What can I do with a male nude? <film ; 1985> 
777 1 |w IT\ICCU\UBO\3359570  |t A friend of Dorothy <film ; 1994> 
942 |2 ddc  |c VM  |n 0 
952 |0 0  |1 0  |4 0  |6 VO_1500_000000000000000  |7 0  |9 27668  |a BO  |b BO  |d 2026-01-24  |i 11652  |l 0  |o VO 1500  |p BO11652  |r 2026-01-24 18:29:06  |w 2026-01-24  |x [Sebina 5] [1 videocassetta]  |y VM  |z 1 videocassetta 
952 |0 0  |1 0  |4 0  |6 VO_1717_000000000000000  |7 0  |9 27669  |a BO  |b BO  |d 2026-01-24  |i 13149  |l 0  |o VO 1717  |p BO13149  |r 2026-01-24 18:29:06  |w 2026-01-24  |x [Sebina 5] [1 videocassetta (2. copia)]  |y VM  |z 1 videocassetta (2. copia) 
999 |c 23452  |d 23452